| 000 | 00904nam a2200229Ia 4500 | ||
|---|---|---|---|
| 001 | 1266 | ||
| 003 | GE_BSU | ||
| 008 | 181216s||||||||xx |||||||||||||| ||und|| | ||
| 020 | _a9789941910265 | ||
| 040 | _cGE_BSU | ||
| 080 | _a574(075.8) | ||
| 100 | _aჟორჟოლიანი, ცირა,გორდაძე, ემზარ. | ||
| 245 | _aბუნების დაცვა და ბუნებრივი რესურსების გამოყენება. | ||
| 260 | _aქუთაისი. | ||
| 260 | _bლამპარის გამომცემლობა. | ||
| 260 | _c2010. | ||
| 300 | _a715 გვ.19სმ. | ||
| 541 | _h25 ლ. | ||
| 653 | _aბუნების დაცვა და ბუნებრივი რესურსების გამოყენება. | ||
| 653 | _aბუნების დაცვა. | ||
| 942 | _cBK | ||
| 999 |
_c35411 _d35411 |
||